Vzájomné súvislosti na trhu práce a trhu bývania v kontexte minimálnej mzdy v Slovenskej republike

Analýza vzájomných súvislostí medzi trhom práce a trhom bývania v kontexte minimálnych príjmových veličín v Slovenskej republike.

Salvato in:
Dettagli Bibliografici
Autore principale: Sika, Peter, 1975-
Natura: Capitolo di libro
Lingua:slovacco
Soggetti:
Tags: Aggiungi Tag
Nessun Tag, puoi essere il primo ad aggiungerne!!

MARC

LEADER 00000nla a2200000 4500
001 0246765
005 20240502094736.9
041 0 |a slo 
044 |a CZ 
245 1 0 |a Vzájomné súvislosti na trhu práce a trhu bývania v kontexte minimálnej mzdy v Slovenskej republike  |c Peter Sika 
520 |a Analýza vzájomných súvislostí medzi trhom práce a trhom bývania v kontexte minimálnych príjmových veličín v Slovenskej republike. 
610 2 0 |a trh práce 
610 2 0 |a Slovensko 
610 2 0 |a trh bytový 
610 2 0 |a mzdy minimálne 
610 2 0 |a nezamestnanosť 
610 2 0 |a pohyb síl pracovných 
100 1 |a Sika, Peter, 1975-